| 000 | 00724nam a22001937a 4500 | ||
|---|---|---|---|
| 003 | OSt | ||
| 005 | 20251127165502.0 | ||
| 008 | 230605b |||||||| |||| 00| 0 eng d | ||
| 020 | _a978-1-4129-9956-4 | ||
| 040 |
_aDWCL Main Lib _cOC |
||
| 082 |
_2International edition _a302.2301 _b1 |
||
| 100 |
_aAnderson, James A _910 |
||
| 245 |
_aMedia research method: _bUnderstanding metric and interpretive approaches/ _cby James A. Underson |
||
| 260 |
_aUnited States of America _bSAGE Publications, Inc. _cc2012 |
||
| 300 |
_axxi, 438 pages : _billustrations (color) _c25cm. |
||
| 504 | _aincludes Appendix, Bibliographical References, Index and Glossary. | ||
| 650 | 0 |
_aMass Media-Research-Methodology. _918 |
|
| 942 |
_2ddc _cBK - FIL _n0 |
||
| 999 |
_c16 _d16 |
||